Garantias constitucionais e segurança jurídica / (Record no. 268)

MARC details
000 -LÍDER
Campo Fixo de Controle 00744cam a2200241 a 4500
001 - NÚMERO DE CONTROLE
Campo de Controle 268
003 - IDENTIFICAÇÃO DO NÚMERO DE CONTROLE
Campo de Controle BR-CuiBMT
005 - DATA E HORA DA ÚLTIMA ATUALIZAÇÃO
Campo de Controle 20231030203105.0
008 - DADOS FIXOS
Dados Fixos 230914s2015 mgb 000 0 por d
020 ## - INTERNATIONAL STANDARD BOOK NUMBER
Nº do ISBN 9788545000938
040 ## - AGÊNCIA CATALOGADORA
Código da Agência Catalogadora BR-CuiBMT
Agência que transcreveu o registro BR-CuiBMT
080 ## - Nº DA CLASSIFICAÇÃO DECIMAL UNIVERSAL
Nº edição CDU 2007
Nº Class. CDU 342.4
090 ## - NÚMERO DE CHAMADA
Nº classificação 342.4
Cutter C672g
100 1# - ENTRADA PRINCIPAL -- AUTOR PESSOAL
Nome pessoal Coêlho, Marcus Vinicius Furtado,
Datas associadas ao nome 1972-
245 10 - TÍTULO PRINCIPAL
Título principal Garantias constitucionais e segurança jurídica /
Indicação de responsabilidade Marcus Vinicius Furtado Coêlho ; prefácio Ricardo Lewandowski.
260 ## - PUBLICAÇÃO, DISTRIBUIÇÃO, ETC.
Local de publicação Belo Horizonte :
Editora Fórum,
Data 2015.
300 ## - DESCRIÇÃO FÍSICA
N. páginas ou volumes 159 p. ;
Dimensões 22 cm
504 ## - NOTA DE BIBLIOGRAFIA, ETC.
Nota de bibliografia Inclui bibliografia.
650 ## - ASSUNTO TÓPICO
Cabeçalho tópico ou nome geográfico Direito constitucional
650 ## - ASSUNTO TÓPICO
Cabeçalho tópico ou nome geográfico Direito processual civil
650 ## - ASSUNTO TÓPICO
Cabeçalho tópico ou nome geográfico Segurança jurídica
942 ## - ELEMENTOS DE ENTRADA ADICIONAIS (KOHA)
Fonte de classificação ou esquema de arquivamento Classificação Decimal Universal
Tipo de item do Koha Livros
Holdings
Estado: removido Estado: perdido Fonte de classificação ou esquema de arquivamento Estado: danificado Indisponível para empréstimo Localização permanente Localização atual Data de aquisição Total Checkouts Número de Chamada completo Código de barras Date last seen Número do exemplar Preço efetivo a partir de Tipo de item (Koha)
    Classificação Decimal Universal     Biblioteca da Escola Superior de Contas do TCE/MT Biblioteca da Escola Superior de Contas do TCE/MT 28/07/2023   342.4 C672g BIBTCEMT23090050 14/09/2023 Ex. 1 14/09/2023 Livros

Powered by Koha